132_ Personnalités nées un 12 mai par images - Statistiques

Statistiques générales
  • Ce quiz a été pris 35 fois
  • Le résultat moyen est 4 sur 9
Statistiques - réponses
Par images Hint Réponse % Correct
Youtubeur Cyprien
88%
Skateboarder Tony Hawk
62%
Rugbyman Jonah Lomu
59%
Chanteur Michel Fugain
56%
Acteur Rami Malek
56%
Dirigeant Politique Rishi Sunak
24%
Actrice Katharine Hepburn
15%
Vidéaste Kai Trump
6%
Acteur Domhnall Gleeson
3%
Aucun quiz correspondant
Distribution des résultats
% des personnes avec chaque résultat
Percentile par nombre de réponses
Votre historique - résultats
Vous n’avez pas pris ce quiz